Freedom movement and extremists / (Record no. 39414)

MARC details
000 -LEADER
fixed length control field 00763nam a22002177a 4500
005 - DATE AND TIME OF LATEST TRANSACTION
control field 20100805124952.0
010 ## - LCCN (DPL NO)
LC control number ENG-98281
020 ## - INTERNATIONAL STANDARD BOOK NUMBER
International Standard Book Number 9788190919173
Terms of availability 100.00
035 ## - SYSTEM CONTROL NUMBER
System control number EN-81814
037 ## - SOURCE OF ACQUISITION
Source of stock number/acquisition DBAD/PUB
082 ## - DEWEY DECIMAL CLASSIFICATION NUMBER
Classification number 954.0841
100 ## - MAIN ENTRY--PERSONAL NAME
Personal name Sivagami, P.
245 ## - TITLE STATEMENT
Title Freedom movement and extremists /
Statement of responsibility, etc by P. Sivagami
260 ## - PUBLICATION, DISTRIBUTION, ETC. (IMPRINT)
Place of publication, distribution, etc Sakthi Nagar
Name of publisher, distributor, etc Om Sakthi Publishers
Date of publication, distribution, etc 2009
270 ## - ADDRESS
Address Brammadesam Post
City Sakthi Nagar
Postal code 638315
300 ## - PHYSICAL DESCRIPTION
Extent 146p.
Dimensions 20cm (pbk)
650 ## - SUBJECT ADDED ENTRY--TOPICAL TERM
Topical term or geographic name as entry element Indian National Movement
650 ## - SUBJECT ADDED ENTRY--TOPICAL TERM
Topical term or geographic name as entry element Freedom Movement
942 ## - ADDED ENTRY ELEMENTS (KOHA)
Source of classification or shelving scheme Dewey Decimal Classification
Item type English Books
Classification part 954.0841
Call number suffix SIV
Holdings
Withdrawn status Lost status Not for loan Collection code Home library Current library Date acquired Source of acquisition Cost, normal purchase price Full call number Barcode Copy number Cost, replacement price Koha item type
    Not For Loan Non-fiction D.B.Act.Division D.B.Act.Division 05/08/2010 DBAD/PUB 100.00 954.0841 SIV EN-81814 1 100.00 English Books

© Delhi Public Library
Hit Counter
free hit counter